header

SolidWorks 2010 (Record no. 112187)

MARC details
000 -LEADER
fixed length control field 01237nam a2200349Ia 4500
082 04 - DEWEY DECIMAL CLASSIFICATION NUMBER
Classification number 620/.00420285536
100 1# - MAIN ENTRY--AUTHOR NAME
Personal name Ruiz, Alex,
245 10 - TITLE STATEMENT
Title SolidWorks 2010
250 ## - EDITION STATEMENT
Edition statement 1st ed.
260 ## - PUBLICATION, DISTRIBUTION, ETC. (IMPRINT)
Place of publication Hoboken, NJ :
Name of publisher Wiley,
Year of publication c2010.
300 ## - PHYSICAL DESCRIPTION
Number of Pages xxvii, 618 p.
650 #0 - SUBJECT ADDED ENTRY--TOPICAL TERM
Topical Term Computer graphics.
Topical Term Engineering graphics.
Topical Term Computer-aided design.
700 1# - ADDED ENTRY--PERSONAL NAME
Personal name Jack, Gabi.
856 40 - ELECTRONIC LOCATION AND ACCESS
Uniform Resource Identifier http://site.ebrary.com/lib/rucke/Doc?id=10366569

No items available.

© 2026 Rongo University
Contact us: librarian | system librarian | Rongo university